LEADER 01090cam a2200205 a 4500
999 |c 121480  |d 121480 
020 |a 9780202309804 (pbk. : alk. paper) 
082 0 0 |a 338.5  |b P8 
100 1 |a Becker, Gary S.  |9 60858 
245 1 0 |a Economic theory /  |c Gary S. Becker, Michel Grossman and Robert T. Michael. 
260 |a New Brunswick :  |b Aldine Transaction,  |c 2007. 
300 |a xviii, 222 p. :  |b ill. ; 
500 |a Reprint, originally published: New York : Knopf, 1971. 
504 |a Includes bibliographical references (p. 214-218) and indexes. 
650 0 |a Microeconomics.  |9 27348 
700 |a Grossman, Michael.  |9 60859 
700 |a Michael, Robert T.  |9 60860 
856 |u https://books.google.co.in/books?id=TdW9TX8OmcUC&printsec=frontcover&dq=economic+theory+gary+s+becker&hl=en&sa=X&ved=0ahUKEwii4YyAvpzWAhXCqY8KHcS3C-4Q6AEIJTAA#v=onepage&q=economic%20theory%20gary%20s%20becker&f=false 
942 |c BK 
952 |0 0  |1 0  |4 0  |6 338_500000000000000_P8  |7 0  |9 118237  |a MGUL  |b MGUL  |c GEN  |d 2016-11-23  |e Calicut Book Distributors Bill No.010735 dated 15.11.2016  |g 2534.48  |l 2  |o 338.5 P8  |p 56523  |r 2019-05-04  |s 2019-04-17  |y BK